Statistics for Flags of Arabic-speaking countries

Click here to take the quiz!

General Stats

  • This quiz has been taken 427 times
  • The average score is 18 of 20

Answer Stats

Answer% Correct
Egypt
99%
Syria
97%
Iraq
96%
Saudi Arabia
96%
Qatar
95%
Lebanon
94%
Yemen
93%
Algeria
92%
United Arab Emirates
92%
Bahrain
91%
Jordan
91%
Morocco
91%
Oman
91%
Tunisia
91%
Kuwait
90%
Libya
87%
Palestine (partially recognized)
85%
Sudan
85%
Mauritania
74%
Western Sahara (partially recognized)
49%

Score Distribution

Percentile by Number Answered

Percent of People with Each Score

Your Score History

You have not taken this quiz